000
00269nam a2200109Ia 4500
008
190216s9999||||xx |||||||||||||| ||und||
100
_a
Albert Lepawsky
245
0
_a
Administration
260
_b
Oxford And Ibh Publishing Co. Pvt Ltd
_c
1960
300
_a
690p
942
_c
BK
999
_c
4757
_d
4757